000 00615nam a22001937a 4500
005 20150907143225.0
010 _aENG-113467
020 _c400.00
_a9788170545514
035 _aEN-96999
037 _bDBAD/PUB
082 _a330.954
100 _aSrivastava, Sanjay
245 _aIndian economic policy and agricultural development /
_cby Sanjay Srivastava
260 _aNew Delhi
_bClassical Publishing
_c2011
270 _a28, Shopping Centre, Karampura
_bNew Delhi
_e110056
300 _a176p.
_c22cm(Hb)
500 _aIncludes bibliographical references
942 _2ddc
_cEN
_mSRI
_h330.954
999 _c94896
_d94896